000
00285nam a2200109Ia 4500
008
200302s9999 xx 000 0 und d
100
_a
Philip Jodidio
245
_a
Renzo piano building workshop the poetry of flight
260
_b
Taschen Gmbh Publishing
260
_c
2016
300
_a
96
999
_c
6249
_d
6249